Ālavāyal̲akan̲ : (Record no. 80193)

MARC details
000 -LEADER
fixed length control field 00695cam a2200229 i 4500
001 - CONTROL NUMBER
control field sa 68004545
003 - CONTROL NUMBER IDENTIFIER
control field DLC
005 - DATE AND TIME OF LATEST TRANSACTION
control field 20260227112502.0
008 - FIXED-LENGTH DATA ELEMENTS--GENERAL INFORMATION
fixed length control field 850129s1964 ii 000 0 tamo
010 ## - LIBRARY OF CONGRESS CONTROL NUMBER
LC control number sa 68004545
020 ## - INTERNATIONAL STANDARD BOOK NUMBER
Terms of availability Rs10.00
040 ## - CATALOGING SOURCE
Original cataloging agency DLC
Transcribing agency DLC
Modifying agency DLC
050 00 - LIBRARY OF CONGRESS CALL NUMBER
Classification number PL4758.9.J25
Item number A8
100 0# - MAIN ENTRY--PERSONAL NAME
Personal name Jekacir̲piyan̲,
Dates associated with a name 1925-1978.
245 10 - TITLE STATEMENT
Title Ālavāyal̲akan̲ :
Remainder of title carittira navīn̲am /
Statement of responsibility, etc. [el̲utiyavar] Jekacir̲piyan̲.
250 ## - EDITION STATEMENT
Edition statement [2. patippu].
260 ## - PUBLICATION, DISTRIBUTION, ETC.
Place of publication, distribution, etc. Cen̲n̲ai :
Name of publisher, distributor, etc. Vān̲ati Patippakam,
Date of publication, distribution, etc. [1964]
300 ## - PHYSICAL DESCRIPTION
Extent 519 p. ;
Dimensions 19 cm.
500 ## - GENERAL NOTE
General note Novel.
500 ## - GENERAL NOTE
General note In Tamil.
600 00 - SUBJECT ADDED ENTRY--PERSONAL NAME
Personal name Maravarman Sundara Pandya
Numeration I,
Titles and other words associated with a name Pandya King,
Dates associated with a name active 1216-1238
General subdivision Fiction.

No items available.

Powered by Koha